000 00889nam a2200241 a 4500
001 000011373
005 20240412074225.0
008 091016t2006 dr 000 j spa d
020 _a9945427113
040 _aDO-SdBNP
_bspa
_cBNPHU
082 _aRD863.44
_bZ39t
100 1 _aZayas, Noé,
_d1969-
_926988
245 1 0 _aTrapecio /
_cNoé Zayas ; edición Armando Alexis Santana Chalas.
260 _aSanto Domingo :
_bSecretaría de Estado de Cultura :
_bNacional,
_c2006.
300 _a63 p. :
_bil. ;
_c23 cm.
500 _aIncluye datos biográficos del autor en la solapa de la cubierta.
586 _aPremio nacional de cuentos "José Ramón López", 2006.
590 _aInventariado, 2019/VM
650 0 _aCuentos dominicanos
_9176
650 0 _aLiteratura dominicana.
_967
700 1 _aSantana Chalas, Armando Alexis,
_eed.
_926989
910 _aValidado. Control de calidad EMS.
999 _c11080
_d11080